000 00875nam0a22002411 4500
001 rc\367287
005 20250621053238.0
035 _a(NLR Aleph) 005598272
090 _a6285282
_c6285282
100 _a20030307d1989 |||y0rusy50 ca
101 0 _arus
102 _aRU
105 _ay |||||||||
200 1 _aНе целься в меня, тайга!
_eДокум. повесть о сел. милиционере [нач. поселкового отд-ния милиции Молчан. р-на И.П. Шальвере]
210 _aТомск
_cКн. изд-во
_d1989
215 _a105, [4] с.
_d20
600 1 _aШальвер
_bИ.П.
_gИван Петрович
_2psbo
700 1 _aСоломенко
_bЕ.Н.
_gЕвгений Николаевич
801 0 _aRU
_bNLR
_gpsbo
801 1 _aRU
_bELAR
_2rusmarc
852 _aNLR
_j89-3/13568
942 _cBOOK
980 _aNB